|
|
|
|
| LEADER |
00772nab a2200193 i 4500 |
| 001 |
acta13843 |
| 005 |
20210412092555.0 |
| 008 |
161015s1958 hu o 0|| fre d |
| 022 |
|
|
|a 0001-6969
|
| 040 |
|
|
|a SZTE Egyetemi Kiadványok Repozitórium
|b hun
|
| 041 |
|
|
|a fre
|
| 100 |
2 |
|
|a Szőkefalvi-Nagy Béla
|
| 245 |
1 |
0 |
|a Sur les contractions de l'espace de Hilbert
|h [elektronikus dokumentum] :
|b III. A la mémoire de J. von Neumann /
|c Szőkefalvi-Nagy Béla
|
| 260 |
|
|
|c 1958
|
| 300 |
|
|
|a 26-45
|
| 490 |
0 |
|
|a Acta scientiarum mathematicarum
|v 19 No. 1-2
|
| 695 |
|
|
|a Hilbert David, Neumann János, Természettudomány, Matematika, Művelődés
|
| 700 |
0 |
1 |
|a Foiaş Ciprian
|e aut
|
| 856 |
4 |
0 |
|u http://acta.bibl.u-szeged.hu/13843/1/math_019_fasc_001_002_026-045.pdf
|z Dokumentum-elérés
|